LEADER 01341nam 2200433 450 001 9910162948403321 005 20230808201423.0 010 $a1-4738-7735-0 010 $a1-4738-7734-2 010 $a1-4738-7733-4 035 $a(CKB)3710000001044990 035 $a(MiAaPQ)EBC4799738 035 $a(EXLCZ)993710000001044990 100 $a20170216h20162016 uy 0 101 0 $aeng 135 $aurcnu|||||||| 181 $2rdacontent 182 $2rdamedia 183 $2rdacarrier 200 14$aThe battle for Budapest 1944-1945 $erare photographs from wartime archives /$fAnthony Tucker-Jones 210 1$aSouth Yorkshire, [England] :$cPen & Sword Military,$d2016. 210 4$dİ2016 215 $a1 online resource (129 pages) $cillustrations, photographs 225 1 $aImages of War 311 $a1-4738-7732-6 410 0$aImages of war. 606 $aWorld War, 1939-1945$xCampaigns$zHungary$zBudapest 607 $aBudapest (Hungary)$xHistory$ySiege, 1945 607 $aHungary$zBudapest$2fast 615 0$aWorld War, 1939-1945$xCampaigns 676 $a940.544973 700 $aTucker-Jones$b Anthony$01117725 801 0$bMiAaPQ 801 1$bMiAaPQ 801 2$bMiAaPQ 906 $aBOOK 912 $a9910162948403321 996 $aThe battle for Budapest 1944-1945$92894824 997 $aUNINA LEADER 01746oam 2200577 450 001 9910715012803321 005 20210527152152.0 035 $a(CKB)5470000002507880 035 $a(OCoLC)1224595393$z(OCoLC)1231436665 035 $a(OCoLC)995470000002507880 035 $a(EXLCZ)995470000002507880 100 $a20201201d2020 ua 0 101 0 $aeng 135 $aur||||||||||| 181 $ctxt$2rdacontent 182 $cc$2rdamedia 183 $acr$2rdacarrier 200 10$aFor the relief of Median El-Moustrah $ereport (to accompany H.R. 7572) (including cost estimate of the Congressional Budget Office) 210 1$a[Washington, D.C.] :$c[U.S. Government Publishing Office],$d2020. 215 $a1 online resource (6 pages) 225 1 $aReport / 116th Congress, 2d session, House of Representatives ;$v116-598 300 $a"November 18, 2020." 320 $aIncludes bibliographical references. 517 $aFor the relief of Median El-Moustrah 606 $aLebanese$zUnited States 606 $aNoncitizens$zUnited States 606 $aVisas$zUnited States 606 $aAliens$2fast 606 $aLebanese$2fast 606 $aVisas$2fast 607 $aUnited States$2fast 608 $aLegislative materials.$2fast 608 $aLegislative materials.$2lcgft 615 0$aLebanese 615 0$aNoncitizens 615 0$aVisas 615 7$aAliens. 615 7$aLebanese. 615 7$aVisas. 801 0$bGPO 801 1$bGPO 801 2$bOCLCO 801 2$bOCLCF 801 2$bDWP 801 2$bOSO 801 2$bOCLCO 801 2$bGPO 906 $aBOOK 912 $a9910715012803321 996 $aFor the relief of Median El-Moustrah$93484945 997 $aUNINA